000 00318nam a22001217a 4500
020 _a978-81-8370-640-7
082 _a370/PAT
100 _aPathak,Ramesh Prashad
_983900
245 _aeducational thought of guru nanak dev
260 _aNew dehli
_bAkansha publishing house
_c2022
650 _aEducation
942 _cBK
999 _c68903
_d68903